000 00333nam a2200133 a 4500
005 20140414131903.0
008 100610s19uu xx 00 eng d
050 _aFIC
_bK62 2008
100 _aKinney, Jeff
245 _aRodrick rules.
260 _aNew York :
_bAmulet,
_c2008.
440 _aDiary of a whimpy kid
999 _c110790
_d110790